Polskie miasta na U według podpowiedzi - Statystyki

Ogólne statystyki
  • Ten quiz został rozwiązany 89 razy
  • Średni wynik to 4 z 8
Statystyki odpowiedzi
Podpowiedź Miasto % Poprawnych
Rzeka Słupia uchodzi tam do Bałtyku. Ustka
94%
Siedziba powiatu bieszczadzkiego. Ustrzyki Dolne
89%
Leży nad górną Wisłą, u podnóży Beskidu Śląskiego. Ustroń
56%
Leży nad Wartą, przy granicy województwa łódzkiego i wielkopolskiego. Uzdrowisko od 2012 r. Uniejów
48%
Znajduje się tam ujście Gwdy do Noteci. Szwedzi pokonali tam Polaków w 1655 r. Ujście
31%
Mamy 2 takie miasta w Polsce. Koło Kędzierzyna-Koźla oraz Tomaszowa Mazowieckiego. Ujazd
30%
Miasteczko koło Kraśnika, którego dawniej wójtem był Mikołaj Rej. Urzędów
21%
Miejsce ujścia Tanwi do Sanu. Ulanów
19%
Nie znaleziono quizów pasujących do podanych kryteriów
Rozkład punktacji
Procent ludzi z każdym wynikiem
Percentyl według liczby udzielonych odpowiedzi
Twoja historia wyników
Nie rozwiązałeś tego quizu